ARRUPE JESUIT UNIVERSITY

CORONAVIRUS -STOP THE SPREAD - CLEAN,DISINFECT,COVER

Gandhi Marx and India (Record no. 125155)

MARC details
000 -LEADER
fixed length control field 00535nam a22001697a 4500
005 - DATE AND TIME OF LATEST TRANSACTION
control field 20160830111717.0
008 - FIXED-LENGTH DATA ELEMENTS--GENERAL INFORMATION
fixed length control field 160830b xxu||||| |||| 00| 0 eng d
050 ## - LIBRARY OF CONGRESS CALL NUMBER
Classification number DS481.G3P911 2000
100 ## - MAIN ENTRY--PERSONAL NAME
Personal name Prasad, Pradhan H.
9 (RLIN) 25532
245 ## - TITLE STATEMENT
Title Gandhi Marx and India
Remainder of title an alternative path of progress
Statement of responsibility, etc by Prasad, Pradhan H.
260 ## - PUBLICATION, DISTRIBUTION, ETC. (IMPRINT)
Place of publication, distribution, etc New Delhi
Name of publisher, distributor, etc Manak
Date of publication, distribution, etc 2000
300 ## - PHYSICAL DESCRIPTION
Extent 128p.;
Dimensions 22cm.
600 ## - SUBJECT ADDED ENTRY--PERSONAL NAME
Personal name Gandhi, Mahatma
9 (RLIN) 25533
600 ## - SUBJECT ADDED ENTRY--PERSONAL NAME
Personal name Marx, Karl
9 (RLIN) 6499
650 ## - SUBJECT ADDED ENTRY--TOPICAL TERM
Topical term or geographic name as entry element India
General subdivision Economic conditions
9 (RLIN) 25534
942 ## - ADDED ENTRY ELEMENTS (KOHA)
Source of classification or shelving scheme Library of Congress Classification
Item type Monograph ( Printed materials)
Holdings
Withdrawn status Lost status Source of classification or shelving scheme Damaged status Not for loan Collection code Home library Current library Shelving location Date acquired Total Checkouts Full call number Barcode Date last seen Price effective from Koha item type
    Library of Congress Classification     Main Collection ARRUPE LIBRARY ARRUPE LIBRARY Main Collection 30/08/2016   DS481.G3P911 2000 46003073655 04/12/2017 30/08/2016 Monograph ( Printed materials)

 

Arrupe Library. PO Box MP320 Mt Pleasant, Harare, Zimbabwe
263 242 745411|librarian@aju.ac.zw